000 00618nam a2200181Ia 4500
008 160114s9999 xx 000 0 und d
020 _a9716300530
050 _a808.83
050 _b.B638ts 1995
100 _aBlanco, Marivi Soliven
245 4 _aThe subway Cyclops /
_c by Marivi Soliven Blanco ; pictures by Remus San Diego.
260 _aManila :
_bTahanan Books for Young Readers.
_c1995
300 _a80 pages;
_billustrations :
_c20 cm.
440 _aA Jenny and Jay Mystery.
650 _a Subways -- Massachusetts -- Boston --
650 _aMystery and detective stories.
650 _xJuvenile fiction.
999 _c290367
_d290367